| 000 | 00961nam a22002897a 4500 | ||
|---|---|---|---|
| 001 | BR8002567 | ||
| 003 | BR-BrBNA | ||
| 005 | 20230928090604.0 | ||
| 007 | ta | ||
| 008 | 230509b bl.||||| |||| 00| 0 por d | ||
| 040 |
_aBR-BrBNA _bpor _cBiblioteca Nacional de Agricultura |
||
| 041 | _a(Por) | ||
| 072 |
_aN20 _b4690 _b/G514 |
||
| 090 | _ 4690 BR8002567 | ||
| 100 | 1 | _aEmpresa Brasileira de Aeronautica S.A., Sao Jose dos Campos, SP. Div. de Vendas Nacionais | |
| 111 | 1 |
_a2. Simposio Nacional de Aviacao Agricola _cFoz do Iguacu, PR (Brazil) _d13 May 1980 |
|
| 245 | 1 | _aAnais do 2. Simposio Nacional de Aviacao Agricola [Equipamento rural; Aviao; Combustivel; Defensivo; Brasil] | |
| 260 | 3 |
_aSao Jose dos Campos, SP (Brasil): _c1980. |
|
| 300 | _a141 p. | ||
| 650 | _aEquipamento rural | ||
| 650 | _aAviao | ||
| 650 | _aAviacao agricola | ||
| 650 | _aDefensivo | ||
| 650 | _aCombustivel | ||
| 909 |
_a202309 _bLucia _c55 _dLucia Elande |
||
| 942 | _cBK | ||
| 999 |
_c29507 _d29507 |
||